000 01194nam a2200265Ia 4500
003 OSt
005 20220930094812.0
006 a|||||r|||| 00| 0
007 ta
008 220926b |||||||| |||| 00| 0 hin d
024 _a19655
037 _cTheses
040 _aCRL
_cCRL
_bhin
041 _2hin
_ahin
100 _aसुचित्रा भारती
110 _aदिल्ली विश्वविद्यालय. कला संकाय. संस्कृत विभाग
_9556324
245 0 _aभोज की साहित्यशास्त्रीय कृतियों में रस-मीमांसा
246 _aBhoj kī sāhityashāstrīya kṛutiyoan mean rasa-mīmāansā
260 _c2013
650 _aसंस्कृत साहित्य
700 _a डॉ. मीरा द्विवेदी, गा.
_9556325
700 _aदिल्ली विश्वविद्यालय. कला संकाय. संस्कृत विभाग
_9556326
942 _cDIS
_2CC
999 _c887703
_d887703